000 01171cam a2200301 a 4500
001 4868904
003 ARRUPE
005 20160427144859.0
008 920521s1992 sz a b 000 0 eng
010 _a 92019972
020 _a3718653060
040 _aDLC
_cDLC
_dDLC
041 1 _aeng
_hfre
043 _afb-----
050 0 0 _aGV1713.S84
_bT545 1992
082 0 0 _a793.3/1967
_220
100 1 _aTiérou, Alphonse.
_923772
245 1 0 _aDooplé : the eternal law of African dance /
_cAlphonse Tiérou ; translated from the French by Deirdre McMahon.
260 _aChur, Switzerland ;
_aPhiladelphia, Pa. :
_bHarwood Academic Publishers,
_cc1992.
300 _axii, 88 p. :
_bill. ;
_c25 cm.
440 0 _aChoreography and dance studies ;
_vv. 2
_923773
500 _aTranslated from the French.
504 _aIncludes bibliographical references.
650 0 _aDancing
_zAfrica, Sub-Saharan.
_923774
906 _a7
_bcbc
_corignew
_d1
_eocip
_f19
_gy-gencatlg
942 _2lcc
_cMONOGRAPH
999 _c124610
_d124610